Twenty Ads That Shook the World: The Century's Most Groundbreaking Advertising and How It Changed Us All (Record no. 12835)
[ view plain ]
| 000 -LEADER | |
|---|---|
| fixed length control field | 00433 a2200157 4500 |
| 003 - CONTROL NUMBER IDENTIFIER | |
| control field | OSt |
| 005 - DATE AND TIME OF LATEST TRANSACTION | |
| control field | 20240801154620.0 |
| 008 - FIXED-LENGTH DATA ELEMENTS--GENERAL INFORMATION | |
| fixed length control field | 240801b ||||| |||| 00| 0 eng d |
| 020 ## - INTERNATIONAL STANDARD BOOK NUMBER | |
| International Standard Book Number | 9780609807231 |
| 082 ## - DEWEY DECIMAL CLASSIFICATION NUMBER | |
| Classification number | 659.1 |
| 100 ## - MAIN ENTRY--PERSONAL NAME | |
| Personal name | James B. Twitchell |
| 245 ## - TITLE STATEMENT | |
| Title | Twenty Ads That Shook the World: The Century's Most Groundbreaking Advertising and How It Changed Us All |
| 260 ## - PUBLICATION, DISTRIBUTION, ETC. (IMPRINT) | |
| Name of publisher, distributor, etc | Crown; |
| Date of publication, distribution, etc | 2001 |
| 300 ## - PHYSICAL DESCRIPTION | |
| Extent | 229p; |
| 942 ## - ADDED ENTRY ELEMENTS (KOHA) | |
| Source of classification or shelving scheme | |
| Withdrawn status | Lost status | Source of classification or shelving scheme | Damaged status | Koha normalized classification for sorting | Not for loan | Permanent location | Current location | Date acquired | Source of acquisition | Cost, normal purchase price | Full call number | Barcode | Date last seen | Cost, replacement price | Price effective from | Koha item type |
|---|---|---|---|---|---|---|---|---|---|---|---|---|---|---|---|---|
| 659_100000000000000 | BMS College of Architecture, Design and Planning | BMS College of Architecture, Design and Planning | 2024-08-01 | 1 | 1100.33 | 659.1 | AR-UG4062 | 2024-08-01 | 1467.10 | 2024-08-01 | B.Design | |||||
| 659_100000000000000 | BMS College of Architecture, Design and Planning | BMS College of Architecture, Design and Planning | 2024-08-01 | 1 | 1100.33 | 659.1 | AR-UG4061 | 2024-08-01 | 1467.10 | 2024-08-01 | B.Design |